000 00589nam a22002057a 4500
003 OSt
005 20140310182956.0
008 130207t xxu||||| |||| 00| 0 eng d
020 _a9717070695
050 _aHD 31
_b.Z844 1999
100 _aZulueta, Francisco M.
245 _aManagement :
_cFrancisco M. Zulueta, Greg Melchor Castro de Lara, Abriel M. Nebres
_btheories and practices /
260 _aMandaluyong City :
_bAcademic Pub,
_c1999.
300 _a264 p. :
_c23 cm.
521 _aBSBA
650 _amanagement.
942 _2lcc
_cBK
_kLOC
999 _c18011
_d18011